[Event "PPA"]
[Site "?"]
[Date "2014.06.21"]
[Round "3.7"]
[White "Rozumek, Krzysztof"]
[Black "Kraszewski, Jan"]
[Result "1-0"]
[LiveChessVersion "1.4.2"]
[BlackElo "1583"]
[WhiteElo "1943"]

1. h3 {[%clk 1:00:57]} e5 {[%clk 0:59:43]} 2. c3 {[%clk 1:01:26]} d5
{[%clk 1:00:02]} 3. d4 {[%clk 1:01:55]} exd4 {[%clk 0:59:52]} 4. cxd4
{[%clk 1:02:23]} c5 {[%clk 1:00:21]} 5. dxc5 {[%clk 1:02:52]} Bxc5
{[%clk 1:00:46]} 6. Nf3 {[%clk 1:02:32]} Nc6 {[%clk 0:59:59]} 7. a3
{[%clk 1:02:49]} Nf6 {[%clk 0:52:27]} 8. e3 {[%clk 1:02:44]} d4 {[%clk 0:48:08]}
9. b4 {[%clk 0:58:37]} Bb6 {[%clk 0:48:25]} 10. b5 {[%clk 0:59:05]} Ba5+
{[%clk 0:48:54]} 11. Bd2 {[%clk 0:58:18]} dxe3 {[%clk 0:49:09]} 12. fxe3
{[%clk 0:58:12]} Ne7 {[%clk 0:46:32]} 13. Bxa5 {[%clk 0:51:29]} Qxa5+
{[%clk 0:46:55]} 14. Qd2 {[%clk 0:51:51]} Qxd2+ {[%clk 0:47:07]} 15. Nbxd2
{[%clk 0:52:05]} Nf5 {[%clk 0:41:49]} 16. Kf2 {[%clk 0:52:11]} Nd6
{[%clk 0:38:23]} 17. Bd3 {[%clk 0:49:29]} Bf5 {[%clk 0:28:11]} 18. Bxf5
{[%clk 0:43:49]} Nxf5 {[%clk 0:28:40]} 19. e4 {[%clk 0:43:59]} Ne7
{[%clk 0:28:59]} 20. Rac1 {[%clk 0:44:09]} Rc8 {[%clk 0:28:38]} 21. Rxc8+
{[%clk 0:42:56]} Nxc8 {[%clk 0:29:07]} 22. Rc1 {[%clk 0:43:11]} Kd7
{[%clk 0:21:58]} 23. e5 {[%clk 0:36:28]} Nd5 {[%clk 0:21:38]} 24. Ne4
{[%clk 0:35:48]} b6 {[%clk 0:20:43]} 25. Rd1 {[%clk 0:35:33]} Nce7
{[%clk 0:19:21]} 26. Nc3 {[%clk 0:33:54]} Ke6 {[%clk 0:19:49]} 27. Ng5+
{[%clk 0:33:08]} Kf5 {[%clk 0:20:18]} 28. Nxd5 {[%clk 0:28:25]} Nxd5
{[%clk 0:20:47]} 29. Nf3 {[%clk 0:26:19]} Nc7 {[%clk 0:14:38]} 30. a4
{[%clk 0:15:55]} a6 {[%clk 0:12:23]} 31. Rd6 {[%clk 0:16:05]} f6 {[%clk 0:09:05]}
32. g4+ {[%clk 0:15:10]} Kg6 {[%clk 0:09:34]} 33. Rxb6 {[%clk 0:14:35]} axb5
{[%clk 0:09:54]} 34. axb5 {[%clk 0:14:58]} Nd5 {[%clk 0:08:46]} 35. Rb7
{[%clk 0:13:08]} Re8 {[%clk 0:08:08]} 36. exf6 {[%clk 0:10:10]} gxf6
{[%clk 0:06:17]} 37. Nh4+ {[%clk 0:07:33]} Kg5 {[%clk 0:04:41]} 38. Rxh7
{[%clk 0:07:39]} Nf4 {[%clk 0:02:37]} 39. Nf5 {[%clk 0:02:19]} Nxh3+
{[%clk 0:00:58]} 40. Rxh3 {[%clk 0:02:25]} Kxg4 {[%clk 0:01:27]} 41. Rf3
{[%clk 0:02:20]} Re5 {[%clk 0:01:44]} 42. b6 {[%clk 0:01:09]} Rb5
{[%clk 0:02:01]} 43. Ne3+ 1-0

[Event "PPA"]
[Site "?"]
[Date "2014.06.21"]
[Round "3.8"]
[White "Rossienik, Wieslaw"]
[Black "Glatty, Zbigniew"]
[Result "1-0"]
[LiveChessVersion "1.4.2"]
[BlackElo "1916"]
[WhiteElo "1498"]

1. e4 {[%clk 1:00:56]} e5 {[%clk 0:57:05]} 2. Nf3 {[%clk 1:01:23]} Nc6
{[%clk 0:57:29]} 3. Bc4 {[%clk 1:01:48]} Bc5 {[%clk 0:57:53]} 4. d3
{[%clk 1:02:12]} d6 {[%clk 0:58:00]} 5. c3 {[%clk 1:02:10]} a6 {[%clk 0:58:11]}
6. Bb3 {[%clk 1:02:24]} Nf6 {[%clk 0:58:01]} 7. h3 {[%clk 1:01:26]} h6
{[%clk 0:58:25]} 8. O-O {[%clk 1:01:25]} O-O {[%clk 0:58:42]} 9. Nbd2
{[%clk 1:01:12]} Re8 {[%clk 0:58:46]} 10. Re1 {[%clk 1:01:24]} Ba7
{[%clk 0:57:51]} 11. Nf1 {[%clk 1:01:32]} Be6 {[%clk 0:57:42]} 12. Be3
{[%clk 1:00:39]} d5 {[%clk 0:57:29]} 13. Bxa7 {[%clk 1:00:15]} Rxa7
{[%clk 0:57:42]} 14. Bc2 {[%clk 0:51:58]} Ra8 {[%clk 0:56:56]} 15. Ng3
{[%clk 0:49:17]} Qd7 {[%clk 0:56:16]} 16. Qe2 {[%clk 0:46:08]} Rad8
{[%clk 0:55:32]} 17. a3 {[%clk 0:46:14]} g6 {[%clk 0:54:00]} 18. Rad1
{[%clk 0:44:47]} Kg7 {[%clk 0:54:03]} 19. exd5 {[%clk 0:35:03]} Bxd5
{[%clk 0:54:23]} 20. Ne4 {[%clk 0:31:07]} Qe7 {[%clk 0:54:05]} 21. Nxf6
{[%clk 0:27:11]} Qxf6 {[%clk 0:53:53]} 22. Nh2 {[%clk 0:26:32]} h5
{[%clk 0:52:49]} 23. Qe3 {[%clk 0:24:01]} b6 {[%clk 0:50:56]} 24. Re2
{[%clk 0:21:42]} Re7 {[%clk 0:46:34]} 25. Qg3 {[%clk 0:19:38]} Rde8
{[%clk 0:42:05]} 26. Rde1 {[%clk 0:19:40]} Na5 {[%clk 0:40:33]} 27. Re3
{[%clk 0:18:23]} Ba8 {[%clk 0:35:51]} 28. Nf3 {[%clk 0:16:33]} Nc6
{[%clk 0:34:42]} 29. Nd2 {[%clk 0:16:06]} Qf4 {[%clk 0:33:12]} 30. Qxf4
{[%clk 0:16:11]} exf4 {[%clk 0:33:39]} 31. Rxe7 {[%clk 0:16:22]} Rxe7
{[%clk 0:34:05]} 32. Rxe7 {[%clk 0:16:41]} Nxe7 {[%clk 0:34:31]} 33. d4
{[%clk 0:16:35]} Bd5 {[%clk 0:31:26]} 34. Be4 {[%clk 0:16:28]} Kf6
{[%clk 0:31:08]} 35. Bd3 {[%clk 0:15:08]} a5 {[%clk 0:31:20]} 36. Kf1
{[%clk 0:13:54]} Nf5 {[%clk 0:30:48]} 37. Ne4+ {[%clk 0:11:23]} Ke7
{[%clk 0:31:04]} 38. Nd2 {[%clk 0:11:13]} Ke6 {[%clk 0:29:26]} 39. Ne4
{[%clk 0:09:51]} Nh4 {[%clk 0:26:25]} 40. f3 {[%clk 0:09:50]} Nf5
{[%clk 0:26:00]} 41. Be2 {[%clk 0:06:59]} Bxe4 {[%clk 0:25:45]} 42. fxe4
{[%clk 0:07:20]} Ng3+ {[%clk 0:26:10]} 43. Kf2 {[%clk 0:06:51]} Nxe4+
{[%clk 0:26:24]} 44. Kf3 {[%clk 0:06:15]} Nd6 {[%clk 0:23:55]} 45. Kxf4
{[%clk 0:06:26]} f6 {[%clk 0:24:18]} 46. h4 {[%clk 0:06:01]} Nf5 {[%clk 0:22:29]}
47. g3 {[%clk 0:06:05]} Ne7 {[%clk 0:22:54]} 48. Bd3 {[%clk 0:05:36]} Nd5+
{[%clk 0:22:54]} 49. Kf3 {[%clk 0:05:31]} f5 {[%clk 0:23:08]} 50. Bc4
{[%clk 0:05:30]} c6 {[%clk 0:22:55]} 51. Bxd5+ {[%clk 0:04:48]} cxd5
{[%clk 0:21:03]} 52. a4 {[%clk 0:03:47]} Kf6 {[%clk 0:21:23]} 53. Kf4
{[%clk 0:04:15]} Ke6 {[%clk 0:21:35]} 54. Kg5 {[%clk 0:04:15]} Kf7
{[%clk 0:21:55]} 55. Kh6 {[%clk 0:04:01]} Kf6 {[%clk 0:22:11]} 56. b3
{[%clk 0:03:26]} f4 {[%clk 0:22:03]} 57. gxf4 {[%clk 0:03:18]} Kf5
{[%clk 0:22:28]} 58. c4 {[%clk 0:03:34]} Kxf4 {[%clk 0:18:30]} 59. cxd5
{[%clk 0:03:49]} g5 {[%clk 0:17:45]} 60. d6 {[%clk 0:03:52]} 1-0

[Event "PPA"]
[Site "?"]
[Date "2014.06.21"]
[Round "3.9"]
[White "Bieszczad, Michal"]
[Black "Sitek, Pawel"]
[Result "0-1"]
[LiveChessVersion "1.4.2"]
[BlackElo "1755"]
[WhiteElo "1477"]

1. d4 {[%clk 1:00:56]} Nf6 {[%clk 1:00:56]} 2. Bf4 {[%clk 1:01:14]} g6
{[%clk 1:01:15]} 3. Nf3 {[%clk 1:01:25]} Bg7 {[%clk 1:01:42]} 4. Nbd2
{[%clk 1:01:16]} O-O {[%clk 1:02:03]} 5. e4 {[%clk 1:01:04]} d6 {[%clk 1:02:28]}
6. Bg5 {[%clk 0:59:39]} c5 {[%clk 1:00:41]} 7. c3 {[%clk 0:56:45]} Qa5
{[%clk 0:57:32]} 8. Nb3 {[%clk 0:53:54]} Qc7 {[%clk 0:57:38]} 9. Qc2
{[%clk 0:53:07]} Bg4 {[%clk 0:56:53]} 10. O-O-O {[%clk 0:50:38]} Bxf3
{[%clk 0:53:36]} 11. gxf3 {[%clk 0:51:06]} c4 {[%clk 0:53:36]} 12. Nd2
{[%clk 0:51:27]} b5 {[%clk 0:53:57]} 13. Be2 {[%clk 0:48:35]} Nbd7
{[%clk 0:52:22]} 14. h4 {[%clk 0:47:17]} e5 {[%clk 0:49:49]} 15. d5
{[%clk 0:45:08]} Qa5 {[%clk 0:47:01]} 16. Kb1 {[%clk 0:44:20]} h6
{[%clk 0:47:23]} 17. Be3 {[%clk 0:43:39]} Nh5 {[%clk 0:46:15]} 18. Rdg1
{[%clk 0:40:39]} Ndf6 {[%clk 0:43:53]} 19. Rh2 {[%clk 0:36:24]} Rac8
{[%clk 0:42:53]} 20. Rhg2 {[%clk 0:34:43]} Nf4 {[%clk 0:41:55]} 21. Bxf4
{[%clk 0:33:37]} exf4 {[%clk 0:42:19]} 22. Ka1 {[%clk 0:29:30]} Rc7
{[%clk 0:42:08]} 23. Nb1 {[%clk 0:29:17]} Nd7 {[%clk 0:38:26]} 24. a3
{[%clk 0:26:38]} Nc5 {[%clk 0:36:20]} 25. Ka2 {[%clk 0:24:50]} Rb8
{[%clk 0:34:57]} 26. Nd2 {[%clk 0:22:48]} Na4 {[%clk 0:30:52]} 27. Nb1
{[%clk 0:20:18]} b4 {[%clk 0:29:04]} 28. Ka1 {[%clk 0:19:39]} bxc3
{[%clk 0:28:24]} 29. Bd1 {[%clk 0:19:19]} cxb2+ {[%clk 0:26:25]} 30. Ka2
{[%clk 0:19:46]} Nc3+ {[%clk 0:23:05]} 31. Nxc3 0-1

[Event "PPA"]
[Site "?"]
[Date "2014.06.21"]
[Round "3.10"]
[White "Stoop, Jan"]
[Black "Kasianczuk, Krzysztof"]
[Result "0-1"]
[LiveChessVersion "1.4.2"]
[BlackElo "1563"]
[WhiteElo "1732"]

1. d4 {[%clk 1:00:58]} e5 {[%clk 1:00:19]} 2. dxe5 {[%clk 1:01:18]} Nc6
{[%clk 1:00:31]} 3. Nf3 {[%clk 1:01:42]} Qe7 {[%clk 1:00:47]} 4. Nc3
{[%clk 1:01:36]} Nxe5 {[%clk 1:01:03]} 5. e4 {[%clk 1:01:09]} c6 {[%clk 1:00:22]}
6. Be2 {[%clk 1:00:29]} Nf6 {[%clk 1:00:15]} 7. O-O {[%clk 1:00:30]} h6
{[%clk 0:56:58]} 8. Nxe5 {[%clk 0:58:41]} Qxe5 {[%clk 0:57:12]} 9. f4
{[%clk 0:58:51]} Bc5+ {[%clk 0:56:21]} 10. Kh1 {[%clk 0:59:16]} Qd4
{[%clk 0:55:55]} 11. e5 {[%clk 0:59:01]} Nh7 {[%clk 0:54:41]} 12. Bd3
{[%clk 0:57:37]} O-O {[%clk 0:51:44]} 13. Rf3 {[%clk 0:54:54]} Bb6
{[%clk 0:46:35]} 14. Be3 {[%clk 0:51:41]} Qb4 {[%clk 0:46:42]} 15. Rb1
{[%clk 0:50:09]} f5 {[%clk 0:44:22]} 16. a3 {[%clk 0:49:22]} Qe7 {[%clk 0:43:58]}
17. Bc4+ {[%clk 0:48:43]} Kh8 {[%clk 0:43:37]} 18. b4 {[%clk 0:48:03]} Bxe3
{[%clk 0:43:28]} 19. Rxe3 {[%clk 0:48:24]} d5 {[%clk 0:43:11]} 20. Bxd5
{[%clk 0:43:41]} cxd5 {[%clk 0:41:34]} 21. Nxd5 {[%clk 0:44:05]} Qd8
{[%clk 0:40:26]} 22. Rd3 {[%clk 0:37:57]} Be6 {[%clk 0:39:35]} 23. c4
{[%clk 0:37:47]} Rf7 {[%clk 0:37:15]} 24. Rb2 {[%clk 0:36:00]} Rd7
{[%clk 0:36:17]} 25. Rbd2 {[%clk 0:36:17]} Rc8 {[%clk 0:34:17]} 26. Ne3
{[%clk 0:30:09]} Rcc7 {[%clk 0:30:36]} 27. c5 {[%clk 0:29:58]} Rxd3
{[%clk 0:30:46]} 28. Rxd3 {[%clk 0:30:22]} Rd7 {[%clk 0:30:50]} 29. Rd6
{[%clk 0:30:22]} Nf8 {[%clk 0:30:09]} 30. Qh5 {[%clk 0:29:15]} Rxd6
{[%clk 0:28:40]} 31. exd6 {[%clk 0:29:31]} Qf6 {[%clk 0:27:12]} 32. Qd1
{[%clk 0:29:07]} Qc3 {[%clk 0:26:23]} 33. Nf1 {[%clk 0:27:33]} Qxa3
{[%clk 0:25:50]} 34. Qe1 {[%clk 0:23:52]} a5 {[%clk 0:24:39]} 35. bxa5
{[%clk 0:23:45]} Qxc5 {[%clk 0:24:31]} 36. Qd2 {[%clk 0:23:39]} Qd5
{[%clk 0:23:55]} 37. Qb4 {[%clk 0:21:18]} Qc4 {[%clk 0:24:01]} 38. Qxc4
{[%clk 0:21:15]} Bxc4 {[%clk 0:24:20]} 39. Nd2 {[%clk 0:21:28]} Bd5
{[%clk 0:23:49]} 40. Nb1 {[%clk 0:20:56]} Kg8 {[%clk 0:24:01]} 41. Nc3
{[%clk 0:21:23]} Bc6 {[%clk 0:24:09]} 42. Kg1 {[%clk 0:21:31]} Kf7
{[%clk 0:24:29]} 43. Kf2 {[%clk 0:21:57]} Ke6 {[%clk 0:24:44]} 44. g3
{[%clk 0:22:08]} Kxd6 {[%clk 0:25:01]} 45. Ke3 {[%clk 0:22:35]} Ne6
{[%clk 0:24:32]} 46. h3 {[%clk 0:22:04]} Kc5 {[%clk 0:24:17]} 47. g4
{[%clk 0:22:22]} g6 {[%clk 0:23:44]} 48. gxf5 {[%clk 0:22:01]} gxf5
{[%clk 0:24:04]} 49. Ne2 {[%clk 0:22:05]} Kb5 {[%clk 0:23:26]} 50. Ng3
{[%clk 0:22:27]} Ng7 {[%clk 0:23:21]} 51. Kd4 {[%clk 0:22:29]} Kxa5
{[%clk 0:23:22]} 52. Ke5 {[%clk 0:22:27]} Be4 {[%clk 0:19:28]} 53. Ne2
{[%clk 0:21:54]} b5 {[%clk 0:19:27]} 54. Kf6 {[%clk 0:22:05]} Nh5+
{[%clk 0:15:15]} 55. Kg6 {[%clk 0:22:21]} Nxf4+ {[%clk 0:15:21]} 56. Nxf4
{[%clk 0:22:37]} b4 {[%clk 0:15:45]} 57. Ne2 {[%clk 0:22:53]} b3 {[%clk 0:14:17]}
58. Nc3 {[%clk 0:22:56]} Kb4 {[%clk 0:14:18]} 59. Nd1 {[%clk 0:23:20]} Bc2
{[%clk 0:14:05]} 60. Nb2 {[%clk 0:23:43]} f4+ {[%clk 0:13:54]} 0-1

[Event "PPA"]
[Site "?"]
[Date "2014.06.21"]
[Round "4.1"]
[White "Wieczorek, Lech"]
[Black "Zminda, Bogdan"]
[Result "0-1"]
[LiveChessVersion "1.4.2"]
[BlackElo "1969"]
[WhiteElo "1893"]

1. d4 {[%clk 1:00:58]} Nf6 {[%clk 0:58:55]} 2. c4 {[%clk 1:01:24]} e6
{[%clk 0:59:15]} 3. Nc3 {[%clk 1:01:34]} Bb4 {[%clk 0:59:35]} 4. Bg5
{[%clk 1:02:00]} h6 {[%clk 0:58:36]} 5. Bh4 {[%clk 1:01:09]} Bxc3+
{[%clk 0:57:04]} 6. bxc3 {[%clk 1:01:34]} d6 {[%clk 0:56:51]} 7. Qc2
{[%clk 1:01:06]} g5 {[%clk 0:55:29]} 8. Bg3 {[%clk 1:01:33]} Nh5 {[%clk 0:55:39]}
9. f3 {[%clk 0:59:30]} Nxg3 {[%clk 0:55:48]} 10. hxg3 {[%clk 0:59:57]} c5
{[%clk 0:54:49]} 11. d5 {[%clk 0:58:08]} e5 {[%clk 0:55:03]} 12. g4
{[%clk 0:58:12]} Nd7 {[%clk 0:53:25]} 13. e3 {[%clk 0:58:03]} Kf8
{[%clk 0:47:18]} 14. Bd3 {[%clk 0:57:39]} Kg7 {[%clk 0:45:27]} 15. Ne2
{[%clk 0:57:56]} Nf6 {[%clk 0:32:23]} 16. Ng3 {[%clk 0:56:26]} e4
{[%clk 0:26:55]} 17. Nxe4 {[%clk 0:54:52]} Nxe4 {[%clk 0:27:00]} 18. Bxe4
{[%clk 0:55:14]} a6 {[%clk 0:19:56]} 19. a4 {[%clk 0:52:00]} Bd7 {[%clk 0:19:56]}
20. Bf5 {[%clk 0:49:25]} Bxf5 {[%clk 0:16:14]} 21. Qxf5 {[%clk 0:47:31]} b5
{[%clk 0:16:24]} 22. Qd3 {[%clk 0:40:07]} Qa5 {[%clk 0:15:12]} 23. Kf2
{[%clk 0:35:36]} b4 {[%clk 0:13:21]} 24. cxb4 {[%clk 0:35:28]} cxb4
{[%clk 0:13:47]} 25. Rhc1 {[%clk 0:28:52]} f6 {[%clk 0:12:27]} 26. Rc2
{[%clk 0:20:23]} Rac8 {[%clk 0:10:42]} 27. Ke2 {[%clk 0:17:09]} Rhe8
{[%clk 0:10:10]} 28. e4 {[%clk 0:15:13]} Qc5 {[%clk 0:09:55]} 29. a5
{[%clk 0:15:08]} Rb8 {[%clk 0:09:59]} 30. Qb3 {[%clk 0:14:34]} Qd4
{[%clk 0:09:41]} 31. Ra4 {[%clk 0:13:34]} Qg1 {[%clk 0:09:55]} 32. Kd3
{[%clk 0:11:21]} Qd1+ {[%clk 0:10:08]} 33. Ke3 {[%clk 0:11:38]} h5
{[%clk 0:10:22]} 34. Rb2 {[%clk 0:09:45]} Qg1+ {[%clk 0:10:21]} 35. Rf2
{[%clk 0:09:18]} hxg4 {[%clk 0:10:45]} 36. fxg4 {[%clk 0:04:53]} Rxe4+
{[%clk 0:10:49]} 37. Kxe4 {[%clk 0:05:19]} Qxf2 {[%clk 0:11:08]} 38. Kd3
{[%clk 0:03:52]} Re8 {[%clk 0:11:10]} 0-1

[Event "PPA"]
[Site "?"]
[Date "2014.06.21"]
[Round "4.3"]
[White "Ostrowska, Dominika"]
[Black "Sitek, Pawel"]
[Result "1-0"]
[LiveChessVersion "1.4.2"]
[BlackElo "1755"]
[WhiteElo "1980"]

1. e4 {[%clk 1:00:58]} c5 {[%clk 1:00:51]} 2. Nf3 {[%clk 1:01:21]} Nc6
{[%clk 1:01:18]} 3. d4 {[%clk 1:01:35]} cxd4 {[%clk 1:01:42]} 4. Nxd4
{[%clk 1:02:01]} Nf6 {[%clk 1:02:07]} 5. Nc3 {[%clk 1:02:19]} e6 {[%clk 1:02:34]}
6. Be2 {[%clk 0:59:00]} Bb4 {[%clk 1:02:28]} 7. Nxc6 {[%clk 0:41:52]} bxc6
{[%clk 1:01:27]} 8. Bd3 {[%clk 0:41:43]} d5 {[%clk 0:59:08]} 9. exd5
{[%clk 0:39:54]} cxd5 {[%clk 0:57:26]} 10. O-O {[%clk 0:39:46]} O-O
{[%clk 0:56:18]} 11. a3 {[%clk 0:37:48]} Bc5 {[%clk 0:54:01]} 12. Rb1
{[%clk 0:36:18]} Bb7 {[%clk 0:51:01]} 13. b4 {[%clk 0:36:11]} Bd6
{[%clk 0:50:15]} 14. Nb5 {[%clk 0:32:51]} Be7 {[%clk 0:49:20]} 15. Bf4
{[%clk 0:27:31]} a6 {[%clk 0:47:48]} 16. Nd4 {[%clk 0:24:10]} Nd7
{[%clk 0:46:28]} 17. Re1 {[%clk 0:23:58]} Bf6 {[%clk 0:46:07]} 18. Nf3
{[%clk 0:24:00]} Re8 {[%clk 0:44:18]} 19. Ne5 {[%clk 0:23:43]} Nxe5
{[%clk 0:39:54]} 20. Bxe5 {[%clk 0:24:12]} Rc8 {[%clk 0:39:20]} 21. a4
{[%clk 0:21:54]} Bxe5 {[%clk 0:38:23]} 22. Rxe5 {[%clk 0:22:23]} f6
{[%clk 0:38:33]} 23. Re1 {[%clk 0:19:57]} e5 {[%clk 0:36:49]} 24. Bf5
{[%clk 0:20:21]} Rc4 {[%clk 0:35:49]} 25. Qh5 {[%clk 0:19:27]} g6
{[%clk 0:35:20]} 26. Bxg6 {[%clk 0:19:51]} hxg6 {[%clk 0:35:46]} 27. Qxg6+
{[%clk 0:20:19]} Kf8 {[%clk 0:36:03]} 28. Qh6+ {[%clk 0:20:40]} Ke7
{[%clk 0:35:02]} 29. Qg7+ {[%clk 0:20:49]} Kd6 {[%clk 0:35:04]} 30. Qxb7
{[%clk 0:21:15]} Rc6 {[%clk 0:33:40]} 31. Qh7 {[%clk 0:18:33]} Re7
{[%clk 0:31:53]} 32. Qf5 {[%clk 0:18:56]} Rec7 {[%clk 0:31:39]} 33. Rec1
{[%clk 0:18:31]} Rc3 {[%clk 0:31:40]} 34. b5 {[%clk 0:18:12]} axb5
{[%clk 0:31:47]} 35. axb5 {[%clk 0:18:36]} d4 {[%clk 0:31:53]} 36. b6
{[%clk 0:18:43]} Rb7 {[%clk 0:31:53]} 37. f4 {[%clk 0:13:30]} Rc6
{[%clk 0:30:18]} 38. fxe5+ {[%clk 0:13:17]} fxe5 {[%clk 0:30:23]} 39. Re1
{[%clk 0:13:00]} Qe7 {[%clk 0:29:42]} 40. Rb5 {[%clk 0:13:21]} Rbxb6
{[%clk 0:28:31]} 41. Rbxe5 {[%clk 0:13:36]} Qg7 {[%clk 0:27:50]} 42. Re6+
{[%clk 0:13:52]} 1-0

[Event "PPA"]
[Site "?"]
[Date "2014.06.21"]
[Round "4.4"]
[White "Somyk, Marcin"]
[Black "Gabuza, Anatolii"]
[Result "1-0"]
[LiveChessVersion "1.4.2"]
[BlackElo "1616"]
[WhiteElo "1965"]

1. d4 {[%clk 1:00:57]} Nf6 {[%clk 1:00:52]} 2. c4 {[%clk 1:01:18]} e5
{[%clk 0:59:48]} 3. dxe5 {[%clk 1:01:33]} Ng4 {[%clk 1:00:16]} 4. Nf3
{[%clk 1:01:39]} Bc5 {[%clk 1:00:17]} 5. e3 {[%clk 1:01:57]} Nc6 {[%clk 1:00:07]}
6. Nc3 {[%clk 1:01:55]} Ngxe5 {[%clk 0:57:53]} 7. Nxe5 {[%clk 1:01:49]} Nxe5
{[%clk 0:58:20]} 8. Be2 {[%clk 0:58:46]} O-O {[%clk 0:54:45]} 9. O-O
{[%clk 0:58:57]} d6 {[%clk 0:51:38]} 10. b3 {[%clk 0:58:29]} f5 {[%clk 0:46:37]}
11. Na4 {[%clk 0:55:35]} Qe7 {[%clk 0:39:50]} 12. Bb2 {[%clk 0:54:15]} c6
{[%clk 0:34:57]} 13. Nxc5 {[%clk 0:51:40]} dxc5 {[%clk 0:35:23]} 14. Qc2
{[%clk 0:50:35]} Ng6 {[%clk 0:31:53]} 15. Rae1 {[%clk 0:45:33]} Bd7
{[%clk 0:28:15]} 16. Qc3 {[%clk 0:42:46]} b5 {[%clk 0:24:21]} 17. Ba1
{[%clk 0:34:21]} Kh8 {[%clk 0:17:18]} 18. Rd1 {[%clk 0:34:04]} Rad8
{[%clk 0:12:17]} 19. Rd2 {[%clk 0:32:08]} b4 {[%clk 0:10:50]} 20. Qb2
{[%clk 0:31:44]} Be6 {[%clk 0:08:07]} 21. Rfd1 {[%clk 0:30:03]} Rxd2
{[%clk 0:07:58]} 22. Rxd2 {[%clk 0:29:51]} f4 {[%clk 0:06:52]} 23. exf4
{[%clk 0:27:40]} Nxf4 {[%clk 0:06:08]} 24. Bf1 {[%clk 0:27:38]} Qg5
{[%clk 0:04:25]} 25. g3 {[%clk 0:23:15]} Nh3+ {[%clk 0:02:14]} 26. Bxh3
{[%clk 0:23:37]} Bxh3 {[%clk 0:02:42]} 27. f4 {[%clk 0:23:30]} Qg4
{[%clk 0:01:27]} 28. Qe5 {[%clk 0:22:35]} Rg8 {[%clk 0:01:20]} 29. Rd6
{[%clk 0:20:10]} a5 {[%clk 0:00:53]} 30. Kf2 {[%clk 0:17:50]} Qc8
{[%clk 0:00:54]} 31. Rh6 {[%clk 0:16:36]} Bf5 {[%clk 0:00:55]} 32. Rf6
{[%clk 0:15:04]} Bh3 {[%clk 0:00:34]} 33. Rf7 {[%clk 0:13:24]} Qg4
{[%clk 0:00:58]} 34. Rxg7 {[%clk 0:09:08]} Qxg7 {[%clk 0:01:15]} 35. Qe1
{[%clk 0:09:34]} 1-0

[Event "PPA"]
[Site "?"]
[Date "2014.06.21"]
[Round "4.5"]
[White "Kasianczuk, Krzysztof"]
[Black "Rozumek, Krzysztof"]
[Result "0-1"]
[LiveChessVersion "1.4.2"]
[BlackElo "1943"]
[WhiteElo "1563"]

1. d4 {[%clk 1:00:57]} Nf6 {[%clk 1:00:59]} 2. c4 {[%clk 1:01:17]} e5
{[%clk 1:01:27]} 3. dxe5 {[%clk 1:01:09]} Ng4 {[%clk 1:01:55]} 4. Nf3
{[%clk 1:01:12]} Bc5 {[%clk 1:01:52]} 5. e3 {[%clk 1:00:53]} Nc6 {[%clk 1:01:59]}
6. Be2 {[%clk 0:58:56]} Ngxe5 {[%clk 1:02:18]} 7. O-O {[%clk 0:58:57]} a5
{[%clk 1:01:43]} 8. Nc3 {[%clk 0:59:03]} Nxf3+ {[%clk 0:59:12]} 9. Bxf3
{[%clk 0:59:16]} Ne5 {[%clk 0:59:01]} 10. Be2 {[%clk 0:59:26]} Ra6
{[%clk 0:58:48]} 11. Ne4 {[%clk 0:58:52]} Ba7 {[%clk 0:54:29]} 12. b3
{[%clk 0:57:48]} Rg6 {[%clk 0:49:04]} 13. Bb2 {[%clk 0:57:24]} Qe7
{[%clk 0:48:56]} 14. Ng3 {[%clk 0:56:39]} d6 {[%clk 0:48:22]} 15. Qd5
{[%clk 0:54:02]} Bb6 {[%clk 0:42:32]} 16. Rad1 {[%clk 0:53:13]} c6
{[%clk 0:41:33]} 17. Qd2 {[%clk 0:52:43]} h5 18. Ne4 {[%clk 0:52:33]} Nxc4
{[%clk 0:35:21]} 19. bxc4 {[%clk 0:45:57]} Qxe4 {[%clk 0:35:39]} 20. g3 Bh3 0-1

[Event "PPA"]
[Site "?"]
[Date "2014.06.21"]
[Round "4.6"]
[White "Dobosz, Kamil"]
[Black "Rossienik, Wieslaw"]
[Result "1-0"]
[LiveChessVersion "1.4.2"]
[BlackElo "1498"]
[WhiteElo "1807"]

1. e4 {[%clk 1:00:56]} c5 {[%clk 1:00:59]} 2. Nf3 {[%clk 1:00:58]} Nc6
{[%clk 1:01:24]} 3. Bc4 {[%clk 1:00:29]} d6 {[%clk 1:01:05]} 4. O-O
{[%clk 0:59:08]} Nf6 {[%clk 1:01:26]} 5. Nc3 {[%clk 0:57:05]} a6 {[%clk 1:01:06]}
6. a4 {[%clk 0:55:51]} g6 {[%clk 0:59:40]} 7. Ng5 {[%clk 0:55:38]} e6
{[%clk 0:59:32]} 8. d3 {[%clk 0:51:55]} Bg7 {[%clk 0:59:37]} 9. f4
{[%clk 0:48:04]} O-O {[%clk 0:59:29]} 10. Ne2 {[%clk 0:44:47]} Bd7
{[%clk 0:56:06]} 11. Ng3 {[%clk 0:43:35]} Qe7 {[%clk 0:39:17]} 12. Bb3
{[%clk 0:38:58]} b5 {[%clk 0:37:39]} 13. c3 {[%clk 0:38:28]} b4 {[%clk 0:36:34]}
14. d4 {[%clk 0:37:03]} cxd4 {[%clk 0:32:47]} 15. cxd4 {[%clk 0:36:33]} Na5
{[%clk 0:31:49]} 16. e5 {[%clk 0:33:41]} Ne8 {[%clk 0:29:45]} 17. Bc2
{[%clk 0:32:17]} dxe5 {[%clk 0:28:38]} 18. fxe5 {[%clk 0:30:58]} Bc6
{[%clk 0:26:21]} 19. h4 {[%clk 0:27:52]} Rd8 {[%clk 0:25:33]} 20. Qg4
{[%clk 0:26:10]} h6 {[%clk 0:16:51]} 21. Nh3 {[%clk 0:19:33]} Qd7
{[%clk 0:15:11]} 22. Be3 {[%clk 0:18:47]} b3 {[%clk 0:14:08]} 23. Bd3
{[%clk 0:18:16]} Qa7 {[%clk 0:14:05]} 24. h5 {[%clk 0:16:00]} g5 {[%clk 0:12:54]}
25. Nxg5 {[%clk 0:12:46]} hxg5 {[%clk 0:12:40]} 26. Qxg5 {[%clk 0:12:09]} Qd7
{[%clk 0:09:36]} 27. h6 {[%clk 0:11:21]} f5 {[%clk 0:09:47]} 28. exf6
{[%clk 0:08:11]} Nxf6 {[%clk 0:08:56]} 29. Qg6 {[%clk 0:05:24]} Rf7
{[%clk 0:08:15]} 30. Nh5 {[%clk 0:03:00]} Nxh5 {[%clk 0:05:30]} 31. Qh7+
{[%clk 0:03:06]} Kf8 {[%clk 0:05:39]} 32. hxg7+ {[%clk 0:02:57]} Nxg7
{[%clk 0:04:54]} 33. Rxf7+ {[%clk 0:02:32]} Qxf7 {[%clk 0:02:53]} 34. Rf1
{[%clk 0:02:04]} Nf5 {[%clk 0:03:13]} 35. Qh8+ {[%clk 0:02:12]} Ke7
{[%clk 0:03:26]} 36. Bg5+ 1-0